The Spycatcher affair : (Record no. 181148)
[ view plain ]
| 000 -LEADER | |
|---|---|
| fixed length control field | 00890 a2200253 4500 |
| 003 - CONTROL NUMBER IDENTIFIER | |
| control field | Nust |
| 005 - DATE AND TIME OF LATEST TRANSACTION | |
| control field | 20230130140258.0 |
| 010 ## - LIBRARY OF CONGRESS CONTROL NUMBER | |
| LC control number | 91134656 |
| 020 ## - INTERNATIONAL STANDARD BOOK NUMBER | |
| International Standard Book Number | 0450430057 : |
| 040 ## - CATALOGING SOURCE | |
| Transcribing agency | Nust |
| 082 ## - DEWEY DECIMAL CLASSIFICATION NUMBER | |
| Classification number | 920,WRI |
| 100 1# - MAIN ENTRY--PERSONAL NAME | |
| Personal name | Wright ,pete |
| 9 (RLIN) | 108086 |
| 245 14 - TITLE STATEMENT | |
| Title | The Spycatcher affair : |
| Remainder of title | The Candid Autobiography of a Senior Intelligence Officer / |
| Statement of responsibility, etc. | Peter Wright |
| 250 ## - EDITION STATEMENT | |
| Edition statement | Rev. pbk. ed. |
| 260 ## - PUBLICATION, DISTRIBUTION, ETC. | |
| Place of publication, distribution, etc. | London : |
| Name of publisher, distributor, etc. | Sidgwick & Jackson, |
| Date of publication, distribution, etc. | 1991: |
| 300 ## - PHYSICAL DESCRIPTION | |
| Extent | 392p., [8] p. of plates : |
| Other physical details | ill. ; |
| Dimensions | 18 cm. |
| 600 10 - SUBJECT ADDED ENTRY--PERSONAL NAME | |
| Personal name | Wright, Peter, |
| Dates associated with a name | 1916- |
| Title of a work | Spycatcher. |
| 9 (RLIN) | 108087 |
| 600 10 - SUBJECT ADDED ENTRY--PERSONAL NAME | |
| Personal name | Wright, Peter, |
| Dates associated with a name | 1916- |
| General subdivision | Trials, litigation, etc. |
| 9 (RLIN) | 108088 |
| 610 10 - SUBJECT ADDED ENTRY--CORPORATE NAME | |
| Corporate name or jurisdiction name as entry element | Great Britain. |
| Subordinate unit | MI5 |
| General subdivision | History. |
| 9 (RLIN) | 108089 |
| 650 #0 - SUBJECT ADDED ENTRY--TOPICAL TERM | |
| Topical term or geographic name entry element | Autobiography |
| General subdivision | History. |
| 9 (RLIN) | 108090 |
| 650 #0 - SUBJECT ADDED ENTRY--TOPICAL TERM | |
| Topical term or geographic name entry element | Intelligence officers |
| Geographic subdivision | Great Britain |
| General subdivision | History. |
| 9 (RLIN) | 108091 |
| 650 #0 - SUBJECT ADDED ENTRY--TOPICAL TERM | |
| Topical term or geographic name entry element | Trials (Treason) |
| Geographic subdivision | England |
| -- | London. |
| 9 (RLIN) | 108092 |
| 942 ## - ADDED ENTRY ELEMENTS (KOHA) | |
| Source of classification or shelving scheme | |
| Koha item type | Book |
| Withdrawn status | Lost status | Source of classification or shelving scheme | Damaged status | Not for loan | Permanent Location | Current Location | Shelving location | Date acquired | Total Checkouts | Full call number | Barcode | Date last seen | Date last checked out | Price effective from | Koha item type | Public note |
|---|---|---|---|---|---|---|---|---|---|---|---|---|---|---|---|---|
| Military College of Signals (MCS) | Military College of Signals (MCS) | General Stacks | 12/12/2016 | 2 | 920,WRI | MCS21651 | 04/06/2026 | 03/04/2026 | 12/12/2016 | Book | Almirah No.59, Shelf No.1 |
